Normal view
MARC view
- Setser Eddie
Entry Personal Name
001 - CONTROL NUMBER
- control field: 1648
003 - CONTROL NUMBER IDENTIFIER
- control field: IT-RoPau
005 - DATE AND TIME OF LATEST TRANSACTION
- control field: 20131109204808.0
008 - FIXED-LENGTH DATA ELEMENTS
- fixed length control field: 131109|| aca||aabn | a|a d
040 ## - CATALOGING SOURCE
- Original cataloging agency: IT-RoPau
- Transcribing agency: IT-RoPau
100 ## - HEADING--PERSONAL NAME
- Personal name: Setser Eddie
- Miscellaneous information: Codice autore SPICS: 24583
- Relator term: Autore
- Name of part/section of a work: I've Got a Rock 'N' Roll Heart
670 ## - SOURCE DATA FOUND
- Source citation: Work cat.: (IT-RoPau)100364: Clapton Eric 1642, Money and Cigarettes (Lp 92 3773)